00426nam a2200169Ia 4500003000400000005001700004008004100021020001800062040000700080041000800087082001900095100004200114245002700156260004400183300001600227365001300243OSt20230511145004.0210423s2010 xx 000 0 und d a9780195699609 cAL aeng a660.6 NALP223 aNALLARI (Pratibha);RAO (V Venugopal). aMedical Biotechnology. aNew YorkbOxford University Pressc2010 axvi,368bPB b410cINR